Doing Educational Research/ (Record no. 202834)

MARC details
000 -LEADER
fixed length control field 00554 a2200193 4500
005 - DATE AND TIME OF LATEST TRANSACTION
control field 20240513145706.0
010 ## - LCCN (DPL NO)
LC control number B-759014
020 ## - INTERNATIONAL STANDARD BOOK NUMBER
International Standard Book Number 8178293986
Terms of availability 340.00
035 ## - SYSTEM CONTROL NUMBER
System control number B-759014
037 ## - SOURCE OF ACQUISITION
Source of stock number/acquisition Gift/Unesco
082 ## - DEWEY DECIMAL CLASSIFICATION NUMBER
Classification number 300.72
245 ## - TITLE STATEMENT
Title Doing Educational Research/
Statement of responsibility, etc Edited by- Clive Opie
260 ## - PUBLICATION, DISTRIBUTION, ETC. (IMPRINT)
Place of publication, distribution, etc New Delhi
Name of publisher, distributor, etc Vistaar Publication
Date of publication, distribution, etc 2004
270 ## - ADDRESS
City New Delhi
300 ## - PHYSICAL DESCRIPTION
Extent 244 p.
Dimensions 24cm (Pb)
700 ## - ADDED ENTRY--PERSONAL NAME
Personal name Opie, Clive
9 (RLIN) 66116
942 ## - ADDED ENTRY ELEMENTS (KOHA)
Institution code [OBSOLETE] dpl
Item type English Books
Source of classification or shelving scheme Dewey Decimal Classification
Classification part 300.72
Call number suffix DOI
Holdings
Withdrawn status Lost status Not for loan Collection code Home library Current library Date acquired Source of acquisition Cost, normal purchase price Full call number Barcode Copy number Cost, replacement price Koha item type Public note
      Non-fiction Peshwa Road Peshwa Road 13/05/2024 Gift/10.5.24 340.00 300.72 DOI B-759014 1 340.00 English Books Gift

© Delhi Public Library
Hit Counter
free hit counter